01325nam a2200349 a 4500001001200000003000800012006001900020007001500039008004100054010001700095020001500112020001800127040002100145035002100166043001200187050002400199082001600223245010200239260004400341300002400385490004000409504005200449533015200501650003800653650003800691655002900729710001600758710001700774830004100791856012600832999001700958ebr10231583CaPaEBRm u cr cn|||||||||080123s2008 dcua sb 000 0 eng  z 2008002706 z0821375032 z9780821375037 aCaPaEBRcCaPaEBR a(OCoLC)347410494 af-mg---14aLA1792b.C48 2008eb04a373.69122204aThe challenge of expanding secondary education and training in Madagascarh[electronic resource]. aWashington, D.C. :bWorld Bank,cc2008. axxiv, 97 p. :bill.1 aWorld Bank working paper ;vno. 141 aIncludes bibliographical references (p. 95-97). aElectronic reproduction.bPalo Alto, Calif. :cebrary,d2013.nAvailable via World Wide Web.nAccess may be limited to ebrary affiliated libraries. 0aEducation, SecondaryzMadagascar. 0aVocational educationzMadagascar. 7aElectronic books.2local2 aWorld Bank.2 aebrary, Inc. 0aWorld Bank working paper ;vno. 141.40uhttp://site.ebrary.com/lib/rucke/Doc?id=10231583zAn electronic book accessible through the World Wide Web; click to view c40145d40145